|
|
|
|
| LEADER |
00000nam a2200000 i 4500 |
| 001 |
DIGAKAL0494 |
| 003 |
NyNyDIG |
| 008 |
200526t20182016mx ob 000 0 spa d |
| 006 |
m o d |
| 007 |
cr ||||||||||| |
| 035 |
|
|
|a (OCoLC)1156332767
|
| 040 |
|
|
|a DGITA
|b eng
|e rda
|e pn
|c DGITA
|
| 020 |
|
|
|a 9786079781699
|q eBook
|
| 020 |
|
|
|a 6079781697
|q eBook
|
| 020 |
|
|
|z 9786079564162
|
| 020 |
|
|
|z 6079564165
|
| 043 |
|
|
|a cl-----
|a s-ag---
|
| 050 |
1 |
4 |
|a F1408.3 ebook
|
| 082 |
0 |
4 |
|a 980
|
| 100 |
1 |
|
|a Sarmiento, Domingo Faustino,
|d 1811-1888,
|e author.
|
| 245 |
1 |
0 |
|a Conflicto y armonías de las razas en América /
|c Domingo Faustino Sarmiento ; introducción de José Bengoa.
|
| 264 |
|
1 |
|a México, D.F. :
|b Akal,
|c [2018]
|
| 264 |
|
4 |
|c ©2016
|
| 300 |
|
|
|a 1 online resource.
|
| 336 |
|
|
|a text
|b txt
|2 rdacontent
|
| 337 |
|
|
|a computer
|b c
|2 rdamedia
|
| 338 |
|
|
|a online resource
|b cr
|2 rdacarrier
|
| 347 |
|
|
|a text file
|2 rdaft
|
| 347 |
|
|
|b EPUB
|
| 490 |
1 |
|
|a Akal/Inter Pares
|
| 504 |
|
|
|a Includes bibliographical references.
|
| 588 |
0 |
|
|a Online resource; title from ePub title page (Digitalia, viewed June 5, 2019)
|
| 651 |
|
0 |
|a Latin America
|x Race relations
|x History
|y 19th century
|v Sources.
|
| 651 |
|
0 |
|a Latin America
|x Civilization.
|
| 651 |
|
0 |
|a Argentina
|x Race relations
|x History
|y 19th century
|v Sources.
|
| 651 |
|
0 |
|a Argentina
|x Civilization.
|
| 650 |
|
0 |
|a Ethnology
|z South America.
|
| 655 |
|
0 |
|a Electronic books.
|
| 700 |
1 |
|
|a Bengoa, José,
|e contributor agent of text.
|
| 791 |
2 |
|
|a Digitalia (Firm),
|e distributor.
|
| 793 |
0 |
|
|g Digitalia eBook Collection:
|a Akal
|
| 775 |
0 |
8 |
|i Reprint of (manifestation):
|a Sarmiento, Domingo Faustino, 1811-1888.
|t Conflicto y armonías de las razas en América.
|d Buenos Aires : "La Cultura argentina", 1915
|w (DLC) 16007386
|w (OCoLC)3117106
|
| 776 |
0 |
8 |
|i Print version:
|a Sarmiento, Domingo Faustino, 1811-1888.
|t Conflicto y armonías de las razas en América.
|d México, D.F. : Akal, 2016
|z 9786079564162
|w (OCoLC)1001215518
|
| 830 |
|
0 |
|a Inter Pares.
|
| 856 |
4 |
0 |
|3 Digitalia Hispánica
|u https://www.digitaliapublishing.com/a/55222/
|
| 910 |
|
|
|a Premium collection: 2020
|